Manual práctico sobre serpientes : mentiras y verdades de la "sabiduría popular" :

Guardado en:
Autor Principal: Carman, Raúl L.
Formato: Libro
Publicado: Buenos Aires : Inta, 2007
Materias:
Etiquetas: Agregar Etiqueta
Sin Etiquetas, Sea el primero en etiquetar este registro!
LEADER 00872nam a22002415a 4500
001 CEM.cems017204
005 20110923170954.0
008 130507s2007##################000#0#####d
003 CEMS
020 |a 9789875212329 
082 0 4 |a 598.12 
100 1 |a Carman, Raúl L. 
245 1 0 |a Manual práctico sobre serpientes :  |b mentiras y verdades de la "sabiduría popular" :  |c Raúl L. Carman 
260 |a Buenos Aires :  |b Inta,  |c 2007 
300 |a 70 p. 
505 0 |a Las preguntas más frecuentes -- Recomendaciones -- Cómo indentificar serpientes venenosas -- Serpientes venenosas de la Argentina -- Distribución geográfica -- Errare humanum est 
653 |a Serpientes 
653 |a Serpientes-argentina 
653 |a Reptiles 
653 |a Sepientes venenosas 
653 |a Ofidios 
653 |a Víboras 
859 |a CEMS  |b BIB. CEMS - Agricultura  |h 598.12  |i C211  |p A0942.09  |t Ej.1